Sister Carrie

Bibliographic Details
Main Author: T. Dreiser
Summary:Книга находится в премиум-версии платформы «Русский как иностранный».
When a girl leaves her home at eighteen, she does one of two things. Either she falls into saving hands and becomes better, or she rapidly assumes the cosmopolitan standard of virtue and becomes worse.\' The tale of Carrie Meeber\'s rise to stardom in the theatre and George Hurstwood\'s slow decline captures the twin poles of exuberance and exhaustion in modern city life as never before. The premier example of American naturalism, Dreiser\'s remarkable first novel has deeply influenced such key writers as William Faulkner, F. Scott Fitzgerald, Saul Bellow, and Joyce Carol Oates.
Published: Москва, T8RUGRAM, 2018
Subjects:
Online Access:Перейти к просмотру издания
Format: Electronic

MARC

LEADER 00000 a2200000 4500
001 RU/ROS-EDU.RU/84563
856 4 |u https://www.ros-edu.ru/book?id=84563  |z Перейти к просмотру издания 
010 |a 978-5-521-06126-6 
100 |a 20180101d2018 |||y0rusy0250  
105 |a y z 000zy 
101 0 |a rus 
102 |a RU 
200 1 |a Sister Carrie  |b Электронный ресурс  |f T. Dreiser 
700 1 |b T.  |a Dreiser  |4 070 
330 |a When a girl leaves her home at eighteen, she does one of two things. Either she falls into saving hands and becomes better, or she rapidly assumes the cosmopolitan standard of virtue and becomes worse.\' The tale of Carrie Meeber\'s rise to stardom in the theatre and George Hurstwood\'s slow decline captures the twin poles of exuberance and exhaustion in modern city life as never before. The premier example of American naturalism, Dreiser\'s remarkable first novel has deeply influenced such key writers as William Faulkner, F. Scott Fitzgerald, Saul Bellow, and Joyce Carol Oates. 
210 |a Москва  |c T8RUGRAM  |d 2018 
610 1 |a художественная литература 
610 1 |a английский язык 
610 1 |a зарубежная проза 
610 1 |a классика 
610 1 |a роман 
675 |a 82 
686 |a 84  |2 rubbk 
300 |a Книга находится в премиум-версии платформы «Русский как иностранный». 
215 |a 595 с.